| 000 | 00589cam a22002291 4500 | ||
|---|---|---|---|
| 001 | sa 65007590 | ||
| 003 | DLC | ||
| 005 | 20260227112149.0 | ||
| 008 | 890710s1965 ii 000 0 gujo | ||
| 010 | _asa 65007590 | ||
| 035 | _a(OCoLC)19987381 | ||
| 040 |
_aDLC _cWaU _dDLC |
||
| 042 | _apremarc | ||
| 043 | _aa-ii--- | ||
| 050 | 0 | 0 |
_aPK1850 _b.P28 |
| 100 | 1 |
_aParikh, Rasiklal Chhotalal, _d1897-1982. |
|
| 245 | 1 | 0 | _aPurovacana ane vivecana. |
| 260 | _c[1965] | ||
| 300 |
_a8, 269 p. _c19 cm. |
||
| 500 | _aIn Gujarati. | ||
| 650 | 0 |
_aGujarati literature _xHistory and criticism. |
|
| 999 |
_c65231 _d65231 |
||